[Event "ESP-ch U10 Rapid"]
[Site "Salobrena"]
[Date "2022.07.10"]
[Round "5"]
[White "Pabon Hermann, David"]
[Black "Perez Vidal, Ian"]
[Result "0-1"]
[WhiteElo "1191"]
[BlackElo "1331"]
[PlyCount "88"]
[EventDate "2022.07.09"]
[EventType "swiss (rapid)"]
[EventRounds "9"]
[EventCountry "ESP"]
[SourceTitle "EXT 2023"]
[Source "ChessBase"]
[SourceDate "2022.10.05"]
[SourceVersion "1"]
[SourceVersionDate "2022.10.05"]
[SourceQuality "1"]

1. d4 Nf6 2. Nf3 g6 3. e3 Bg7 4. Be2 d6 5. 0-0 0-0 6. c4 Nbd7 7. Nc3 e5 8. b3 c6 9. Bb2 e4 10. Ng5 d5 11. cxd5 Nxd5 12. Ngxe4 f5 13. Nxd5 cxd5 14. Nc3 Nb6 15. Qc2 f4 16. Rac1 Qg5 17. Qd2 f3 18. Bxf3 Rxf3 19. Qe2 Rf8 20. Rfe1 Bg4 21. Qd3 Rf7 22. Rf1 Bh3 23. g3 Bxf1 24. Rxf1 Raf8 25. e4 Rf3 26. Qe2 dxe4 27. Nxe4 Qf5 28. Kg2 Qd5 29. Kg1 R3f7 30. Nc3 Qxd4 31. Nd1 Qd5 32. Bxg7 Kxg7 33. Ne3 Qf3 34. Qb2+ Kg8 35. h3 Nd5 36. Ng4 Rg7 37. Nh6+ Kh8 38. Ng4 Qc3 39. Qa3 Rgf7 40. Nh6 Rf3 41. Qxa7 Rxg3+ 42. Kh2 Rxh3+ 43. Kg2 Qf3+ 44. Kg1 Rh1# 0-1

[Event "ESP-ch U10 Rapid"]
[Site "Salobrena"]
[Date "2022.07.09"]
[Round "1"]
[White "Perez Vidal, Ian"]
[Black "Liern Matesanz, Jairo"]
[Result "1-0"]
[WhiteElo "1331"]
[BlackElo "1327"]
[PlyCount "105"]
[EventDate "2022.07.09"]
[EventType "swiss (rapid)"]
[EventRounds "9"]
[EventCountry "ESP"]
[SourceTitle "EXT 2023"]
[Source "ChessBase"]
[SourceDate "2022.10.05"]
[SourceVersion "1"]
[SourceVersionDate "2022.10.05"]
[SourceQuality "1"]

1. e4 e5 2. Nf3 Nc6 3. Bb5 d6 4. Bxc6+ bxc6 5. d4 Ne7 6. dxe5 h6 7. exd6 cxd6 8. Nc3 Ng6 9. 0-0 Be7 10. Re1 Be6 11. b3 0-0 12. Bb2 d5 13. exd5 cxd5 14. Ne5 Nxe5 15. Rxe5 Bb4 16. Nxd5 Re8 17. Nxb4 Qe7 18. Nc6 Qb7 19. Nd4 Rad8 20. Qf3 Bd5 21. Rxe8+ Rxe8 22. Qg3 Qe7 23. h3 Qf6 24. Rb1 Qb6 25. Nb5 g6 26. Nc7 Rd8 27. Nxd5 Rxd5 28. Qe3 Qd8 29. Qxa7 Rd7 30. Qe3 Rd1+ 31. Rxd1 Qxd1+ 32. Kh2 Qd8 33. a4 g5 34. Qe5 f6 35. Qxf6 Qc7+ 36. Be5 Qh7 37. Qd8+ Kf7 38. Qd7+ Kg6 39. Qxh7+ Kxh7 40. a5 g4 41. a6 g3+ 42. Kxg3 h5 43. a7 h4+ 44. Kxh4 Kg6 45. a8Q Kf5 46. g4+ Ke6 47. Qc6+ Ke7 48. Qd6+ Ke8 49. Kg5 Kf7 50. Qf6+ Ke8 51. Qg7 Kd8 52. Qf7 Kc8 53. Qc7# 1-0

[Event "ESP-ch U10"]
[Site "Salobrena"]
[Date "2022.07.08"]
[Round "8"]
[White "Brito Baranda, Irene"]
[Black "Perez Vidal, Ian"]
[Result "0-1"]
[WhiteElo "1041"]
[BlackElo "1331"]
[PlyCount "146"]
[EventDate "2022.07.04"]
[EventType "swiss"]
[EventRounds "9"]
[EventCountry "ESP"]
[SourceTitle "EXT 2023"]
[Source "ChessBase"]
[SourceDate "2022.10.05"]
[SourceVersion "1"]
[SourceVersionDate "2022.10.05"]
[SourceQuality "1"]

1. b3 d5 2. Bb2 Bg4 3. Nf3 Bxf3 4. exf3 e6 5. g3 Nf6 6. Bg2 Bd6 7. d3 c5 8. Nd2 h6 9. 0-0 g5 10. Qe2 Nbd7 11. Rfe1 Qc7 12. Rad1 Rh7 13. Nf1 Ke7 14. Qd2 Rg8 15. Re2 h5 16. Rde1 h4 17. Qc1 hxg3 18. fxg3 c4 19. dxc4 dxc4 20. Qd2 e5 21. Qc3 Bc5+ 22. Kh1 Rgh8 23. Qxc4 e4 24. Rxe4+ Kf8 25. h3 Nxe4 26. Rxe4 Rg8 27. b4 Bd6 28. Qxc7 Bxc7 29. Nd2 Bxg3 30. Nc4 f5 31. Rd4 Re7 32. Rd1 Re1+ 33. Rxe1 Bxe1 34. a3 Ke7 35. Kg1 Rc8 36. Ne3 f4 37. Nf5+ Ke6 38. Nd4+ Kd5 39. Kf1 Bc3 40. Bxc3 Rxc3 41. Nb5 Rxc2 42. Nxa7 Ra2 43. Nb5 Kc6 44. Nd4+ Kb6 45. Ne6 Rxa3 46. Nxg5 Ra4 47. h4 Rxb4 48. Kg1 Kc6 49. Kh2 Nf6 50. Ne4 Nxe4 51. fxe4 Rb5 52. Kh3 Rb3+ 53. Kg4 Rg3+ 54. Kxf4 Rxg2 55. h5 Kd6 56. h6 Rh2 57. Kg5 Ke5 58. Kg6 Kxe4 59. h7 Rxh7 60. Kxh7 b5 61. Kg6 b4 62. Kf6 b3 63. Ke6 b2 64. Kd6 b1Q 65. Kc6 Qb4 66. Kd7 Qc5 67. Ke6 Qc6+ 68. Kf7 Qd6 69. Kg7 Qe6 70. Kh8 Qe7 71. Kg8 Kf5 72. Kh8 Kg6 73. Kg8 Qe8# 0-1

[Event "ESP-ch U10"]
[Site "Salobrena"]
[Date "2022.07.07"]
[Round "6"]
[White "Alfaro Aldunate, Amaya"]
[Black "Perez Vidal, Ian"]
[Result "0-1"]
[WhiteElo "1223"]
[BlackElo "1331"]
[PlyCount "140"]
[EventDate "2022.07.04"]
[EventType "swiss"]
[EventRounds "9"]
[EventCountry "ESP"]
[SourceTitle "EXT 2023"]
[Source "ChessBase"]
[SourceDate "2022.10.05"]
[SourceVersion "1"]
[SourceVersionDate "2022.10.05"]
[SourceQuality "1"]

1. e4 e5 2. d4 exd4 3. Nf3 Bc5 4. Nxd4 Qh4 5. Nc3 Bxd4 6. Qxd4 Qf6 7. Be3 Nc6 8. Qxf6 Nxf6 9. Bc4 d6 10. 0-0 h6 11. f4 0-0 12. a3 Re8 13. Bd3 Bf5 14. exf5 Rxe3 15. h3 Rae8 16. Nb5 R8e7 17. Kf2 Nh5 18. Kg1 Nf6 19. Kf2 a6 20. Nc3 Kf8 21. Nd1 Rxd3 22. cxd3 Nd4 23. Rc1 Nxf5 24. Re1 Rxe1 25. Kxe1 c6 26. Kf2 Nd5 27. Kf3 Nd4+ 28. Kf2 Nxf4 29. Rc3 Nfe2 30. Rc4 b5 31. Rxd4 Nxd4 32. Ke3 Nf5+ 33. Kf4 g6 34. Nf2 Ke7 35. Ne4 Ke6 36. g4 g5+ 37. Kf3 Nd4+ 38. Ke3 Nb3 39. Ke2 d5 40. Nc3 Nd4+ 41. Ke3 Ke5 42. b4 f5 43. gxf5 Nxf5+ 44. Kf3 h5 45. Ne2 Nd4+ 46. Ke3 Nxe2 47. Kxe2 Kd4 48. Kd2 g4 49. hxg4 hxg4 50. Ke2 g3 51. Kf3 Kxd3 52. Kxg3 Ke3 53. Kg4 d4 54. Kf5 d3 55. Ke5 d2 56. Kd6 d1Q+ 57. Kxc6 Qa4 58. Kb6 Qxa3 59. Ka7 Qxb4 60. Kxa6 Qc5 61. Ka5 Qa3+ 62. Kxb5 Qc3 63. Kb6 Qc4 64. Kb7 Qc5 65. Kb8 Qc6 66. Ka7 Qb5 67. Ka8 Kd4 68. Ka7 Kd5 69. Ka8 Kc6 70. Ka7 Qb7# 0-1

[Event "Foment Martinenc op-B 22nd"]
[Site "Barcelona"]
[Date "2022.04.23"]
[Round "1"]
[White "Perez Vidal, Ian"]
[Black "Lopez Escribano, Ricardo"]
[Result "0-1"]
[WhiteElo "1233"]
[BlackElo "1489"]
[PlyCount "74"]
[EventDate "2022.04.23"]
[EventType "swiss"]
[EventRounds "9"]
[EventCountry "ESP"]
[SourceTitle "EXT 2023"]
[Source "ChessBase"]
[SourceDate "2022.10.05"]
[SourceVersion "1"]
[SourceVersionDate "2022.10.05"]
[SourceQuality "1"]

1. e4 c6 2. d4 d5 3. Nc3 dxe4 4. Nxe4 Nf6 5. Nxf6+ exf6 6. Nf3 Bg4 7. c3 Bd6 8. Bd3 0-0 9. h3 Re8+ 10. Be3 Bh5 11. Qc2 Bxf3 12. gxf3 g6 13. 0-0-0 Qa5 14. Kb1 Nd7 15. f4 f5 16. Rhg1 Kf8 17. h4 h5 18. Bc4 Nf6 19. Qb3 Re7 20. d5 c5 21. Qb5 Qc7 22. Be2 a6 23. Qb3 Bxf4 24. Bxf4 Qxf4 25. Bc4 Ne4 26. Qb6 Nxc3+ 27. bxc3 Qxc4 28. Qf6 Re2 29. Rd2 Qe4+ 30. Ka1 Qe5 31. Qxe5 Rxe5 32. d6 Rd8 33. Rgd1 Rd7 34. Rd5 Rxd5 35. Rxd5 b6 36. a4 a5 37. f4 f6 0-1

[Event "ESP-ch U10"]
[Site "Salobrena"]
[Date "2021.06.28"]
[Round "2"]
[White "Bocos Delgado, Jon"]
[Black "Perez Vidal, Ian"]
[Result "1-0"]
[WhiteElo "1380"]
[BlackElo "1152"]
[PlyCount "71"]
[EventDate "2021.06.28"]
[EventType "swiss"]
[EventRounds "9"]
[EventCountry "ESP"]
[SourceTitle "EXT 2022"]
[Source "ChessBase"]
[SourceDate "2021.10.06"]
[SourceVersion "1"]
[SourceVersionDate "2021.10.06"]
[SourceQuality "1"]

1. d4 d5 2. c4 e6 3. Nc3 Nf6 4. cxd5 exd5 5. Bg5 Be7 6. Qc2 Nc6 7. e3 Nb4 8. Qa4+ Bd7 9. Qb3 a5 10. a3 a4 11. Qd1 Nc6 12. Bxf6 Bxf6 13. Nxd5 Be6 14. Nxf6+ gxf6 15. Bb5 Bd5 16. f3 Qe7 17. e4 f5 18. e5 f6 19. Qe2 Ra5 20. exf6 Qxe2+ 21. Bxe2 Nxd4 22. 0-0-0 Rc5+ 23. Kb1 Nc2 24. Rxd5 Nxa3+ 25. bxa3 Rxd5 26. Nh3 Rd2 27. Re1 Kf7 28. f4 Rg8 29. Bc4+ Kf8 30. Bxg8 Kxg8 31. Ng5 Rd8 32. Re7 Kh8 33. Rxh7+ Kg8 34. Rg7+ Kf8 35. Ne6+ Ke8 36. Re7# 1-0